| 000 | 00972nam a22002777i 4500 | ||
|---|---|---|---|
| 003 | EG-ScBUE | ||
| 005 | 20250806094736.0 | ||
| 008 | 100114r20041980ii a f b 00010 eeng d | ||
| 020 | _a0070965005 | ||
| 020 | _a9780070965003 | ||
| 040 |
_aEG-ScBUE _beng _erda _cEG-ScBUE _dEG-ScBUE |
||
| 082 | 0 | 4 |
_222 _a546 _bMAN |
| 100 | 1 |
_910314 _aManku, G. S., _eauthor. |
|
| 245 | 1 | 0 |
_aTheoretical principles of inorganic chemistry / _cG. S. Manku, Hans Raj College, University of Delhi. |
| 250 | _aTwentieth reprinted edition. | ||
| 264 | 1 |
_aNew Delhi : _bTata McGraw-Hill Publishing Company Limited, _c2004. |
|
| 300 |
_axxiv, 563 pages : _billustrations ; _c21 cm |
||
| 336 |
_2rdacontent _atext _btxt |
||
| 337 |
_aunmediated _2rdamedia _bn |
||
| 338 |
_avolume _bnc _2rdacarrier |
||
| 500 | _aIncludes Appendices. | ||
| 504 | _aIncludes bibliographical references and index. | ||
| 650 | 7 |
_96017 _aChemistry, Inorganic. _2BUEsh |
|
| 655 | _vReading book | ||
| 942 |
_2ddc _cBB |
||
| 999 |
_c13124 _d13124 |
||